[Event "37th ECC Open 2022"]
[Site "Mayrhofen AUT"]
[Date "2022.10.09"]
[Round "7.2"]
[Board "3"]
[White "Amin, Bassem"]
[Black "Hansen, Eric"]
[Result "1-0"]
[WhiteTitle "GM"]
[BlackTitle "GM"]
[WhiteElo "2667"]
[BlackElo "2613"]
[WhiteTeam "Clichy-Echecs-92"]
[BlackTeam "Offerspill Chess Club"]
[WhiteFideId "10601457"]
[BlackFideId "2606771"]
[EventDate "2022.10.03"]

1. Nf3 d5 2. g3 g6 3. c4 c6 4. Qa4 Nd7 5. cxd5 cxd5 6. Nc3 Nf6 7. Bg2 Bg7 8. d3
O-O 9. O-O Nc5 10. Qb4 b6 11. Be3 a5 12. Qa3 e6 13. b4 Ncd7 14. Rab1 Bb7 15.
bxa5 Rxa5 16. Qb4 Qa8 17. Rfc1 Rc8 18. Bxb6 Nxb6 19. Qxb6 Bc6 20. d4 Nd7 21. Qb2
Bf8 22. Qd2 Ba3 23. Rc2 Rb8 24. Bf1 Rb4 25. Rxb4 Bxb4 26. Rb2 Ba3 27. Rb3 Bd6
28. e3 Nf6 29. Ne5 Ba4 30. Rb6 Bxe5 31. dxe5 Nd7 32. Rb4 Nxe5 33. Qb2 Nd7 34.
Nxa4 Rxa4 35. Rxa4 Qxa4 36. Qb5 Qxb5 37. Bxb5 Nc5 38. a4 Nb7 39. h4 h6 40. Kf1
Kf8 41. Ke2 Ke7 42. Kd2 Kd6 43. Be8 Ke7 44. Bc6 Nc5 45. f3 g5 46. hxg5 hxg5 47.
Kc3 Kd6 48. Be8 f6 49. a5 e5 50. Bb5 Kc7 51. Kb4 Ne6 52. Bd3 Kc6 53. g4 Nc7 54.
Bf1 Ne6 55. Bb5+ Kc7 56. Bd3 Kc6 57. Bc2 Nc5 58. Ba4+ Nxa4 59. Kxa4 Kc5 60. a6
Kb6 61. Kb4 1-0

[Event "37th ECC Open 2022"]
[Site "Mayrhofen AUT"]
[Date "2022.10.09"]
[Round "7.2"]
[Board "4"]
[White "Christiansen, Johan-Sebastian"]
[Black "Vocaturo, Daniele"]
[Result "0-1"]
[WhiteTitle "GM"]
[BlackTitle "GM"]
[WhiteElo "2576"]
[BlackElo "2615"]
[WhiteTeam "Offerspill Chess Club"]
[BlackTeam "Clichy-Echecs-92"]
[WhiteFideId "1512668"]
[BlackFideId "813192"]
[EventDate "2022.10.03"]

1. e4 e5 2. Nf3 Nf6 3. d4 Nxe4 4. Bd3 d5 5. Nxe5 Nd7 6. Nxd7 Bxd7 7. O-O Qf6 8.
Nc3 Nxc3 9. bxc3 Be7 10. Re1 O-O-O 11. Re5 Qd6 12. Qf3 Be6 13. Bf5 Bf6 14. Bxe6+
fxe6 15. Re2 Rde8 16. Bf4 Qa6 17. Qd3 Qxd3 18. cxd3 Rhf8 19. Be5 Kd7 20. g3 Bxe5
21. Rxe5 Rf3 22. Rd1 Ref8 23. Rd2 Kd6 24. Kg2 R3f5 25. Re3 g5 26. Rde2 R5f6 27.
Re5 Rg6 28. h3 h6 29. c4 Rgf6 30. Kg1 c6 31. c5+ Kd7 32. Rb2 b5 33. Kg2 a5 34.
Re3 Rf5 35. Rbe2 a4 36. a3 R8f6 37. Kf1 h5 38. Re5 g4 39. h4 Rxe5 40. Rxe5 Rf5
41. Re1 Ke7 42. Ke2 Kf6 43. Kf1 Rf3 44. Ke2 e5 45. Kf1 Rxd3 46. Rxe5 Rxa3 47.
Rxh5 Ra1+ 48. Kg2 a3 49. Rh6+ Kg7 50. Rxc6 a2 51. Rc7+ Kh6 52. Rc6+ Kh5 53. Ra6
b4 54. c6 b3 55. Ra5 Rc1 56. Rxd5+ Kh6 57. Rd6+ Kg7 58. Rd7+ Kf6 0-1

[Event "37th ECC Open 2022"]
[Site "Mayrhofen AUT"]
[Date "2022.10.09"]
[Round "7.2"]
[Board "6"]
[White "Haldorsen, Benjamin"]
[Black "Tregubov, Pavel V."]
[Result "1/2-1/2"]
[WhiteTitle "IM"]
[BlackTitle "GM"]
[WhiteElo "2449"]
[BlackElo "2548"]
[WhiteTeam "Offerspill Chess Club"]
[BlackTeam "Clichy-Echecs-92"]
[WhiteFideId "1512633"]
[BlackFideId "4115341"]
[EventDate "2022.10.03"]

1. e4 e5 2. Nf3 Nf6 3. Nxe5 d6 4. Nf3 Nxe4 5. d3 Nf6 6. d4 g6 7. Be2 Bg7 8. O-O
O-O 9. h3 Nbd7 10. c4 Ne4 11. Bd3 Ndf6 12. Re1 d5 13. Nc3 Nxc3 14. bxc3 c6 15.
Ba3 Re8 16. Rxe8+ Qxe8 17. Qb3 Be6 18. Qxb7 dxc4 19. Bf1 Qc8 20. Qxc8+ Rxc8 21.
Nd2 Nd5 22. Ne4 Rb8 23. Re1 Nb6 24. Bd6 Rc8 25. Nc5 Bd5 26. a4 Rd8 27. Nb7 Ra8
28. Ra1 Bf8 29. a5 Nc8 30. Bg3 a6 31. Ra4 Na7 32. Nd6 Nb5 33. Nxc4 Nxc3 34. Ra1
Re8 35. Ne3 Bg7 36. Nxd5 cxd5 37. Bxa6 Bxd4 38. Kh2 Ne4 39. Rd1 Bc3 40. Bb5 Ra8
41. a6 Bf6 42. Rc1 Nxg3 43. Kxg3 Kf8 44. Rd1 Bd8 45. Rxd5 Bb6 46. f4 Ra7 47. h4
Re7 48. Rd6 Bc5 49. Rd8+ Kg7 50. Rc8 Bg1 51. Rc3 h6 52. Kf3 g5 53. fxg5 hxg5 54.
h5 Re5 55. Bc6 Kh6 56. g4 f5 57. Bb7 Rc5 58. Ra3 fxg4+ 59. Kg2 Bd4 60. a7 Rc2+
61. Kf1 Bxa7 62. Rxa7 Rc7 63. Ra6+ Kxh5 64. Be4 Rc4 65. Bd3 Rc3 66. Be2 Rc8 67.
Ra4 Rf8+ 68. Kg2 Rf4 69. Ra8 Kg6 70. Kg3 Kf6 71. Bxg4 Rb4 72. Ra6+ Kg7 73. Bf5
Kf7 74. Rc6 Ra4 75. Rb6 Rd4 76. Bg6+ Kg7 77. Bh5 Kh7 78. Re6 Rb4 79. Be2 Kg7 80.
Bd3 Rd4 81. Bf5 Kf7 82. Rb6 Rf4 83. Bc2 Rd4 84. Rb5 Rd2 85. Be4 Rd4 86. Kf3 Kf6
87. Rf5+ Ke6 88. Rxg5 Kd6 89. Kf4 Rc4 90. Rg6+ Kc5 91. Ke5 Rc3 92. Rg8 Kc4 93.
Kd6 Kd4 94. Bd5 Kd3 95. Ke5 Ke3 96. Rh8 Kd3 97. Rh3+ Kd2 98. Bf3 Ke3 99. Be4+
Kd2 100. Rh2+ Ke3 101. Kd5 Rc7 102. Rh3+ Kf4 103. Rf3+ Kg4 104. Rf8 Ra7 105. Ke5
Re7+ 106. Kd4 Kg5 107. Rg8+ Kf4 108. Bd5 Kf5 109. Rg1 Kf6 110. Rf1+ Kg6 111.
Be4+ Kg5 112. Rf5+ Kg6 113. Kd5 Ra7 114. Rf1+ Kg5 115. Ke6 Kg4 116. Bd5 Kg3 117.
Ke5 Re7+ 118. Kf5 Re3 119. Rg1+ Kf2 120. Rg2+ Ke1 121. Kf4 Re2 122. Rg1+ Kd2
123. Be4 Kc3 124. Ke5 Rd2 125. Rc1+ Kb2 126. Rc8 Kb3 127. Kf4 Kb4 128. Ke5 Kb3
129. Bd5+ Kb2 130. Ke4 Rc2 131. Rb8+ Kc1 132. Ke3 Rb2 133. Ra8 Kc2 134. Be4+ Kc3
135. Rc8+ Kb4 136. Kd4 Rd2+ 137. Bd3 Rb2 138. Ra8 1/2-1/2

[Event "37th ECC Open 2022"]
[Site "Mayrhofen AUT"]
[Date "2022.10.09"]
[Round "7.3"]
[Board "1"]
[White "Kryvoruchko, Yuriy"]
[Black "Mamedov, Rauf"]
[Result "1/2-1/2"]
[WhiteTitle "GM"]
[BlackTitle "GM"]
[WhiteElo "2658"]
[BlackElo "2646"]
[WhiteTeam "Schachclub Viernheim 1934e.V."]
[BlackTeam "Vugar Gashimov"]
[WhiteFideId "14109182"]
[BlackFideId "13401653"]
[EventDate "2022.10.03"]

1. e4 c5 2. Nf3 Nc6 3. Bb5 g6 4. O-O Bg7 5. c3 Nf6 6. Re1 O-O 7. d4 d5 8. e5 Ne4
9. Be3 cxd4 10. cxd4 Qb6 11. Qe2 Bd7 12. Ba4 Rac8 13. Nc3 Nxc3 14. bxc3 Qd8 15.
Rab1 Na5 16. Bxd7 Qxd7 17. Qb5 Qxb5 18. Rxb5 b6 19. Rxd5 Rc7 20. Bf4 e6 21. Rb5
Rfc8 22. d5 exd5 23. Rxd5 Rxc3 24. Rd7 Nc6 25. h4 Re8 26. Red1 Rc5 27. R1d6 Nxe5
28. Nxe5 Bxe5 29. Bxe5 Rexe5 30. Rf6 Rf5 31. Rxf5 Rxf5 1/2-1/2

[Event "37th ECC Open 2022"]
[Site "Mayrhofen AUT"]
[Date "2022.10.09"]
[Round "7.3"]
[Board "2"]
[White "Shevchenko, Kirill"]
[Black "Kuzubov, Yuriy"]
[Result "1/2-1/2"]
[WhiteTitle "GM"]
[BlackTitle "GM"]
[WhiteElo "2645"]
[BlackElo "2612"]
[WhiteTeam "Vugar Gashimov"]
[BlackTeam "Schachclub Viernheim 1934e.V."]
[WhiteFideId "14129574"]
[BlackFideId "14112906"]
[EventDate "2022.10.03"]

1. e4 e5 2. Nf3 Nf6 3. d4 Nxe4 4. Bd3 d5 5. Nxe5 Nd7 6. Nxd7 Bxd7 7. O-O Bd6 8.
Nc3 Nxc3 9. bxc3 O-O 10. Qh5 f5 11. Re1 c6 12. a4 Qf6 13. Bg5 Qf7 14. Qh4 h6 15.
Be7 g5 16. Bxf8 gxh4 17. Bxd6 Re8 18. h3 Rxe1+ 19. Rxe1 Be6 20. Bf4 Kg7 21. a5
Qd7 22. Rb1 Qe7 23. Bb8 a6 24. Be5+ Kf7 25. Kh2 Ke8 26. Rb3 Kd8 27. Be2 Qf7 28.
Bf4 Bc8 29. Bd3 Qe7 30. Be5 Qf7 31. Be2 1/2-1/2

[Event "37th ECC Open 2022"]
[Site "Mayrhofen AUT"]
[Date "2022.10.09"]
[Round "7.3"]
[Board "3"]
[White "Fedorchuk, Sergey A."]
[Black "Iskandarov, Misratdin"]
[Result "1-0"]
[WhiteTitle "GM"]
[BlackTitle "GM"]
[WhiteElo "2619"]
[BlackElo "2601"]
[WhiteTeam "Schachclub Viernheim 1934e.V."]
[BlackTeam "Vugar Gashimov"]
[WhiteFideId "14102536"]
[BlackFideId "13400312"]
[EventDate "2022.10.03"]

1. e4 c5 2. Nf3 d6 3. d4 cxd4 4. Nxd4 Nf6 5. Nc3 Nc6 6. Bg5 e6 7. Qd2 a6 8.
O-O-O Bd7 9. Kb1 Be7 10. Nxc6 Bxc6 11. f3 Rc8 12. h4 h6 13. Be3 h5 14. Bg5 b5
15. Bd3 b4 16. Ne2 a5 17. Nd4 Bd7 18. Rhe1 Qb6 19. Qe3 Qb8 20. Qe2 Kf8 21. Ba6
Rd8 22. Bc4 a4 23. f4 e5 24. fxe5 dxe5 25. Nf5 Bxf5 26. exf5 Ng4 27. Rxd8+ Bxd8
28. Qd3 Bxg5 29. Qd5 Qc7 30. hxg5 Ke8 31. Rd1 1-0

[Event "37th ECC Open 2022"]
[Site "Mayrhofen AUT"]
[Date "2022.10.09"]
[Round "7.3"]
[Board "4"]
[White "Asadli, Vugar"]
[Black "Maze, Sebastien"]
[Result "1/2-1/2"]
[WhiteTitle "GM"]
[BlackTitle "GM"]
[WhiteElo "2575"]
[BlackElo "2530"]
[WhiteTeam "Vugar Gashimov"]
[BlackTeam "Schachclub Viernheim 1934e.V."]
[WhiteFideId "13405764"]
[BlackFideId "613762"]
[EventDate "2022.10.03"]

1. e4 c5 2. Nf3 Nc6 3. Bb5 e6 4. Bxc6 bxc6 5. d3 Ne7 6. b3 f6 7. Nh4 e5 8. f4 d6
9. fxe5 fxe5 10. O-O Be6 11. Qh5+ g6 12. Qe2 Bg7 13. Bg5 Bf7 14. Nd2 O-O 15. Qe3
Qd7 16. c3 a5 17. Bh6 a4 18. bxa4 Rxa4 19. Qg5 Qd8 20. Nhf3 Nc8 21. Qe3 Nb6 22.
c4 Nd7 23. Rfb1 Qc7 24. Rb2 Rb8 25. Rc2 Nf8 26. Rf1 Qe7 27. Nb3 Ne6 28. h4 Rf8
29. g3 Be8 30. Rcf2 Ra7 31. Bxg7 Kxg7 32. Ng5 Rxf2 33. Qxf2 Nd8 34. Qd2 h6 35.
Nf3 Ne6 36. Nh2 h5 37. Nf3 Bf7 38. Rf2 Bg8 39. Kf1 Ra3 40. Ke1 Qb7 41. Kd1 Qb4
42. Kc1 Ra8 43. Kb1 Rb8 44. Qe3 Rf8 45. Rb2 Qa3 46. Nbd2 Qa7 47. Rb3 Nd4 48.
Nxd4 cxd4 49. Qg5 Be6 50. a3 c5 51. Ka2 Rf6 52. Rb2 Rf8 1/2-1/2

[Event "37th ECC Open 2022"]
[Site "Mayrhofen AUT"]
[Date "2022.10.09"]
[Round "7.3"]
[Board "5"]
[White "Libiszewski, Fabien"]
[Black "Ahmadzada, Ahmad"]
[Result "1/2-1/2"]
[WhiteTitle "GM"]
[BlackTitle "IM"]
[WhiteElo "2512"]
[BlackElo "2488"]
[WhiteTeam "Schachclub Viernheim 1934e.V."]
[BlackTeam "Vugar Gashimov"]
[WhiteFideId "616834"]
[BlackFideId "13413007"]
[EventDate "2022.10.03"]

1. Nf3 Nf6 2. g3 d5 3. Bg2 Bf5 4. O-O e6 5. d3 h6 6. Nbd2 Be7 7. b3 Bh7 8. Bb2
O-O 9. Re1 a5 10. a4 Na6 11. e4 c6 12. Qe2 Nb4 13. Rac1 Na2 14. Ra1 Nb4 15. Rac1
Na2 16. Ra1 Nb4 1/2-1/2

[Event "37th ECC Open 2022"]
[Site "Mayrhofen AUT"]
[Date "2022.10.09"]
[Round "7.3"]
[Board "6"]
[White "Sadikhov, Ulvi"]
[Black "Tarlev, Konstantin"]
[Result "0-1"]
[WhiteTitle "GM"]
[BlackTitle "GM"]
[WhiteElo "2473"]
[BlackElo "2577"]
[WhiteTeam "Vugar Gashimov"]
[BlackTeam "Schachclub Viernheim 1934e.V."]
[WhiteFideId "13401416"]
[BlackFideId "14114089"]
[EventDate "2022.10.03"]

1. c4 e6 2. g3 d5 3. Bg2 Nf6 4. Nf3 Be7 5. b3 d4 6. O-O O-O 7. e3 c5 8. exd4
cxd4 9. d3 Nc6 10. Re1 Bb4 11. Re2 a5 12. Ne5 Ra6 13. Bg5 Nxe5 14. Rxe5 h6 15.
Bxf6 Qxf6 16. Qe2 b6 17. f4 Bd6 18. Rh5 Qg6 19. Nd2 f5 20. Rf1 a4 21. Rh4 Be7
22. Rh3 axb3 23. Nxb3 Bf6 24. Bf3 Qf7 25. g4 Qa7 26. Rf2 Rd8 27. Rg2 Qe7 28.
gxf5 Kf8 29. fxe6 Bxe6 30. Rh5 Qd7 31. Be4 Bf7 32. Rf5 Re8 33. Qg4 Qd6 34. Qf3
Ra7 35. h3 Qe7 36. Rb5 Qd6 37. Rf5 Qe7 38. Rb5 Qd6 39. Kh1 Ra6 40. Kh2 Ra7 41.
Nc1 Ra3 42. Rgb2 Bd8 43. R2b3 Bc7 44. Rf5 Rxb3 45. Nxb3 g6 46. Rb5 Re6 47. Rd5
Qe7 48. Rxd4 Rf6 49. Bd5 Bxf4+ 50. Rxf4 Qd6 51. Kg1 Rxf4 52. Qe3 Bxd5 53. cxd5
Qf6 54. Nd2 Qd4 55. Qxd4 Rxd4 56. Nc4 b5 57. Ne5 Rxd5 58. Nxg6+ Kf7 59. Nf4 Rd4 0-1

[Event "37th ECC Open 2022"]
[Site "Mayrhofen AUT"]
[Date "2022.10.09"]
[Round "7.4"]
[Board "2"]
[White "Saric, Ivan"]
[Black "Rapport, Richard"]
[Result "1/2-1/2"]
[WhiteTitle "GM"]
[BlackTitle "GM"]
[WhiteElo "2668"]
[BlackElo "2754"]
[WhiteTeam "TAJFUN - SK Ljubljana"]
[BlackTeam "CSU ASE Superbet"]
[WhiteFideId "14508150"]
[BlackFideId "738590"]
[EventDate "2022.10.03"]

1. e4 e5 2. Nf3 Nc6 3. Bb5 Nf6 4. d3 Bc5 5. Bxc6 dxc6 6. Nbd2 Be6 7. O-O Bd6 8.
d4 Nd7 9. dxe5 Nxe5 10. Nxe5 Bxe5 11. f4 Bd4+ 12. Kh1 f5 13. Qh5+ g6 14. Qe2 O-O
15. Nf3 Bf6 16. e5 Be7 17. Rd1 Qe8 18. Nd4 Qf7 19. Nxe6 Qxe6 20. Be3 Rfd8 21. c4
a6 22. b3 Kf7 23. h3 Ke8 24. a4 Rxd1+ 25. Rxd1 Rd8 26. Rxd8+ Kxd8 27. Qf2 Qd7
28. Bc5 Qd1+ 29. Kh2 Bxc5 30. Qxc5 Ke8 31. Qe3 c5 32. Qxc5 Qd2 33. Kg3 Qd3+ 34.
Kh2 Qd2 35. Kg3 1/2-1/2

[Event "37th ECC Open 2022"]
[Site "Mayrhofen AUT"]
[Date "2022.10.09"]
[Round "7.4"]
[Board "3"]
[White "Deac, Bogdan-Daniel"]
[Black "Nihal, Sarin"]
[Result "1/2-1/2"]
[WhiteTitle "GM"]
[BlackTitle "GM"]
[WhiteElo "2707"]
[BlackElo "2673"]
[WhiteTeam "CSU ASE Superbet"]
[BlackTeam "TAJFUN - SK Ljubljana"]
[WhiteFideId "1226380"]
[BlackFideId "25092340"]
[EventDate "2022.10.03"]

1. d4 d5 2. Nf3 Nf6 3. c4 dxc4 4. e3 e6 5. Bxc4 c5 6. O-O a6 7. Nbd2 cxd4 8.
Nxd4 Bc5 9. N4f3 O-O 10. a3 b5 11. Be2 Bb7 12. b4 Be7 13. Bb2 Nbd7 14. Nb3 Rc8
15. Rc1 Rxc1 16. Qxc1 Qa8 17. Qa1 Rc8 18. Rc1 Bd5 19. Nbd2 h6 20. h3 Qb7 21. Bf1
Rc7 22. Rc3 Qc8 23. Qc1 Rxc3 24. Qxc3 Qxc3 25. Bxc3 Ne4 26. Nxe4 Bxe4 27. Ne5
Nxe5 28. Bxe5 f6 29. Bc3 Kf7 30. f3 Bc6 1/2-1/2

[Event "37th ECC Open 2022"]
[Site "Mayrhofen AUT"]
[Date "2022.10.09"]
[Round "7.4"]
[Board "4"]
[White "Volokitin, Andrei"]
[Black "Gukesh, D"]
[Result "1-0"]
[WhiteTitle "GM"]
[BlackTitle "GM"]
[WhiteElo "2645"]
[BlackElo "2732"]
[WhiteTeam "TAJFUN - SK Ljubljana"]
[BlackTeam "CSU ASE Superbet"]
[WhiteFideId "14107090"]
[BlackFideId "46616543"]
[EventDate "2022.10.03"]

1. e4 c5 2. Nf3 Nc6 3. Bb5 e6 4. O-O Nge7 5. d4 cxd4 6. Nxd4 Ng6 7. Be3 Be7 8.
c3 O-O 9. Nd2 a6 10. Be2 Nxd4 11. cxd4 b5 12. Bd3 Bb7 13. Qh5 Qe8 14. Rfe1 f6
15. Rad1 Qf7 16. Nb3 f5 17. f3 Rae8 18. Nc5 Bc8 19. Bc2 Kh8 20. Bb3 d5 21. exd5
exd5 22. f4 Bf6 23. Bf2 Qc7 24. g3 Qd6 25. Qf3 Re4 26. Qc3 Ne7 27. Rc1 h5 28.
Nxe4 fxe4 29. Qc7 Qe6 30. Rc5 h4 31. Bd1 g5 32. fxg5 Bg7 33. Be3 Kg8 34. Rf1
Rxf1+ 35. Kxf1 Qh3+ 36. Kg1 Bf8 37. Qe5 Bg4 38. Rc1 Bxd1 39. Rxd1 Nf5 40. Qxd5+
Kg7 41. Bf4 hxg3 42. hxg3 1-0

[Event "37th ECC Open 2022"]
[Site "Mayrhofen AUT"]
[Date "2022.10.09"]
[Round "7.4"]
[Board "5"]
[White "Nisipeanu, Liviu-Dieter"]
[Black "Predojevic, Borki"]
[Result "1/2-1/2"]
[WhiteTitle "GM"]
[BlackTitle "GM"]
[WhiteElo "2615"]
[BlackElo "2584"]
[WhiteTeam "CSU ASE Superbet"]
[BlackTeam "TAJFUN - SK Ljubljana"]
[WhiteFideId "1202758"]
[BlackFideId "930849"]
[EventDate "2022.10.03"]

1. d4 d5 2. c4 c6 3. Nc3 Nf6 4. cxd5 cxd5 5. Bf4 Nc6 6. e3 a6 7. Bd3 Bg4 8. Nge2
e6 9. O-O Bd6 10. Bxd6 Qxd6 11. h3 Bxe2 12. Qxe2 g6 13. Rac1 O-O 14. Na4 Nd7 15.
a3 Rac8 16. Qd2 Rc7 17. b4 a5 18. bxa5 Qxa3 19. Bb5 Ra8 20. a6 Ndb8 21. Bxc6
Nxc6 22. axb7 Rxb7 23. Nc5 Rb2 24. Qd1 Ne7 25. Qf3 Qa7 26. g4 Nc8 27. Nd3 Rb7
28. Qf4 Qb8 29. Qxb8 Raxb8 30. Nc5 Ra7 31. Rb1 1/2-1/2

[Event "37th ECC Open 2022"]
[Site "Mayrhofen AUT"]
[Date "2022.10.09"]
[Round "7.4"]
[Board "6"]
[White "Markus, Robert"]
[Black "Sargissian, Gabriel"]
[Result "1/2-1/2"]
[WhiteTitle "GM"]
[BlackTitle "GM"]
[WhiteElo "2615"]
[BlackElo "2711"]
[WhiteTeam "TAJFUN - SK Ljubljana"]
[BlackTeam "CSU ASE Superbet"]
[WhiteFideId "921637"]
[BlackFideId "13300881"]
[EventDate "2022.10.03"]

1. Nf3 d5 2. g3 g6 3. Bg2 Bg7 4. O-O e5 5. d3 Nc6 6. Nbd2 Nge7 7. c3 a5 8. b3
O-O 9. a3 h6 10. Bb2 d4 11. Rc1 Be6 12. b4 dxc3 13. Bxc3 axb4 14. Bxb4 Re8 15.
Ne4 b6 16. Nfd2 Bd5 17. Nc4 f5 18. Nc3 Bxg2 19. Kxg2 Kh7 20. Bxe7 Rxe7 21. a4
Na5 22. Nxa5 Rxa5 23. Qb3 Qg8 24. Qxg8+ Kxg8 25. Rc2 Rd7 26. Rb1 Rc5 27. Rbc1
Bf8 28. Nb1 Rxc2 29. Rxc2 Kf7 30. Rc6 Bd6 31. Nc3 Ke6 32. a5 bxa5 33. Ra6 Rd8
34. Nb5 Kd7 35. Rxa5 Rb8 36. Nxd6 1/2-1/2

[Event "37th ECC Open 2022"]
[Site "Mayrhofen AUT"]
[Date "2022.10.09"]
[Round "7.5"]
[Board "1"]
[White "Heimann, Andreas"]
[Black "Rodshtein, Maxim"]
[Result "1/2-1/2"]
[WhiteTitle "GM"]
[BlackTitle "GM"]
[WhiteElo "2573"]
[BlackElo "2602"]
[WhiteTeam "Schachgesellschaft Riehen"]
[BlackTeam "Beer Sheva Chess Club"]
[WhiteFideId "24624632"]
[BlackFideId "2806851"]
[EventDate "2022.10.03"]

1. e4 c6 2. d4 d5 3. Nc3 dxe4 4. Nxe4 Bf5 5. Ng3 Bg6 6. h4 h6 7. Nf3 Nd7 8. Bd3
Bxd3 9. Qxd3 e6 10. Bf4 Qa5+ 11. Bd2 Qc7 12. O-O-O Ngf6 13. Ne4 Rd8 14. Rhe1
Nxe4 15. Qxe4 Nf6 16. Qe2 Be7 17. Kb1 O-O 18. Bc1 c5 19. dxc5 Bxc5 20. Ne5 Qb6
21. Ng4 Nxg4 22. Qxg4 Rd4 23. Rxd4 Bxd4 24. Rd1 Bf6 25. Rd2 Rc8 26. g3 Rc5 27.
Qa4 Rf5 28. f4 h5 29. Rd3 Rb5 30. b3 Kh7 31. Qe4+ Rf5 32. Be3 Qc7 33. Bd4 b5 34.
Bxf6 gxf6 35. Qa8 Qc5 36. Rd8 Rd5 37. Rh8+ Kg6 38. Qg8+ Kf5 39. Rxh5+ Ke4 40.
Rxd5 Qxd5 41. Qh7+ f5 42. Qg7 Qd1+ 43. Kb2 b4 44. Qe5+ Kf3 45. h5 Qh1 46. Qh8
Kxg3 47. h6 Kxf4 48. h7 e5 49. Qg7 Qh3 50. a4 Qc3+ 51. Kb1 Qe1+ 52. Ka2 Qf2 53.
Qh6+ Kg4 54. Kb2 Qd4+ 55. Kb1 Qg1+ 56. Ka2 Qf2 57. Qg7+ Kf4 58. Kb2 Qd4+ 59. Kb1
Qd1+ 60. Kb2 Qd4+ 61. Ka2 Qf2 62. Kb1 Qe1+ 63. Ka2 Qf2 64. Qh6+ Kg4 65. Kb2 1/2-1/2

[Event "37th ECC Open 2022"]
[Site "Mayrhofen AUT"]
[Date "2022.10.09"]
[Round "7.5"]
[Board "2"]
[White "Mikhalevski, Victor"]
[Black "Brunner, Nicolas"]
[Result "1/2-1/2"]
[WhiteTitle "GM"]
[BlackTitle "IM"]
[WhiteElo "2523"]
[BlackElo "2448"]
[WhiteTeam "Beer Sheva Chess Club"]
[BlackTeam "Schachgesellschaft Riehen"]
[WhiteFideId "2801914"]
[BlackFideId "620246"]
[EventDate "2022.10.03"]

1. c4 e6 2. g3 d5 3. Bg2 dxc4 4. Qa4+ c6 5. Qxc4 c5 6. Nf3 Nc6 7. d3 Nf6 8. O-O
Bd7 9. b3 Rc8 10. Bb2 Be7 11. Nbd2 O-O 12. Rae1 a6 13. Qc1 b5 14. Qa1 Qb6 15.
Rc1 Rfd8 16. a3 Be8 17. Rc2 h6 18. Rfc1 Qb8 19. Kf1 Qb6 20. h3 Kh7 21. Bxf6 Bxf6
22. Qb1 Qa5 23. Ne4 Be7 24. Nxc5 Bxc5 25. Rxc5 Qxa3 26. Ne1 Ne7 27. d4+ Kg8 28.
b4 Rxc5 29. Rxc5 a5 30. Nc2 Qa4 31. e3 Rc8 32. bxa5 Rxc5 33. dxc5 Qxa5 34. Nb4
Qc7 35. Qc2 Bc6 36. e4 Qe5 37. Kg1 Qa1+ 38. Bf1 Qe1 39. Nxc6 Nxc6 40. Qe2 Qxe2
41. Bxe2 Nd4 42. c6 Nxc6 43. Bxb5 Nd4 44. Bc4 g5 45. f4 e5 46. fxg5 hxg5 47. Kf2
Kg7 48. Ke3 f6 1/2-1/2

[Event "37th ECC Open 2022"]
[Site "Mayrhofen AUT"]
[Date "2022.10.09"]
[Round "7.5"]
[Board "3"]
[White "Breder, Dennis"]
[Black "Roiz, Michael"]
[Result "1/2-1/2"]
[WhiteTitle "IM"]
[BlackTitle "GM"]
[WhiteElo "2450"]
[BlackElo "2579"]
[WhiteTeam "Schachgesellschaft Riehen"]
[BlackTeam "Beer Sheva Chess Club"]
[WhiteFideId "4636945"]
[BlackFideId "2804158"]
[EventDate "2022.10.03"]

1. e4 c5 2. Nf3 d6 3. Bb5+ Nd7 4. d4 cxd4 5. Qxd4 a6 6. Bxd7+ Bxd7 7. O-O Rc8 8.
Nc3 e5 9. Qb4 Bc6 10. Be3 Be7 11. Rad1 Qc7 12. Bb6 Qd7 13. h3 h6 14. Rfe1 Nf6
15. Qa5 Qe6 16. Nd5 Bxd5 17. exd5 Qd7 18. c3 O-O 19. b3 Bd8 20. Bxd8 Qxd8 21.
Qxd8 Rfxd8 22. c4 Nd7 23. Nd2 b5 24. Re3 Nb6 25. Re4 f5 26. Rh4 Kh7 27. cxb5
axb5 28. Nf3 Rc2 29. Rb4 Rc5 30. a4 Rb8 31. Rxb5 Rxb5 32. axb5 g5 33. Nd2 Nxd5
34. Nc4 Nc3 35. Rxd6 Rxb5 36. Rb6 1/2-1/2

[Event "37th ECC Open 2022"]
[Site "Mayrhofen AUT"]
[Date "2022.10.09"]
[Round "7.5"]
[Board "4"]
[White "Postny, Evgeny"]
[Black "Georgiadis, Ioannis"]
[Result "1/2-1/2"]
[WhiteTitle "GM"]
[BlackTitle "IM"]
[WhiteElo "2573"]
[BlackElo "2467"]
[WhiteTeam "Beer Sheva Chess Club"]
[BlackTeam "Schachgesellschaft Riehen"]
[WhiteFideId "2804344"]
[BlackFideId "4208900"]
[EventDate "2022.10.03"]

1. d4 Nf6 2. c4 e6 3. Nf3 d5 4. Nc3 c5 5. e3 a6 6. cxd5 exd5 7. Be2 cxd4 8. Nxd4
Bd6 9. Qa4+ Bd7 10. Qb3 Nc6 11. Nxd5 Nxd4 12. Nxf6+ Qxf6 13. exd4 Qxd4 14. O-O
Qe5 15. Qg3 Bc6 16. Rd1 Qxg3 17. hxg3 Be5 18. Bf3 Bxf3 19. gxf3 O-O 20. Be3 Rfd8
21. Bb6 Bxb2 22. Bxd8 Bxa1 23. Bb6 Bf6 24. Rd7 Rb8 25. Ba7 Rc8 26. Rxb7 h5 27.
Rb4 Rc6 28. f4 g6 29. Kg2 Be7 30. Rb8+ Kg7 31. Bd4+ Bf6 32. Bxf6+ Kxf6 33. Rb7
Ke6 34. a4 Rd6 35. Ra7 Rc6 36. Kh3 Kf6 37. a5 Kg7 38. Kg2 Rd6 39. Kf3 Rc6 40.
Ke4 Rc4+ 41. Kd5 Rc2 42. Rxa6 Rxf2 43. Rd6 Rf3 44. a6 Rxg3 45. Kc6 Ra3 46. Kb7
h4 47. a7 h3 48. a8=Q Rxa8 49. Kxa8 h2 50. Rd1 Kf6 51. Rh1 Kf5 52. Rxh2 Kxf4 53.
Kb7 g5 54. Kc6 g4 55. Kd5 g3 56. Ra2 Kf3 57. Ke5 g2 58. Rxg2 Kxg2 1/2-1/2

[Event "37th ECC Open 2022"]
[Site "Mayrhofen AUT"]
[Date "2022.10.09"]
[Round "7.5"]
[Board "5"]
[White "Cvitan, Ognjen"]
[Black "Steinberg, Nitzan"]
[Result "1/2-1/2"]
[WhiteTitle "GM"]
[BlackTitle "GM"]
[WhiteElo "2446"]
[BlackElo "2545"]
[WhiteTeam "Schachgesellschaft Riehen"]
[BlackTeam "Beer Sheva Chess Club"]
[WhiteFideId "14500086"]
[BlackFideId "2801795"]
[EventDate "2022.10.03"]

1. d4 d5 2. c4 e6 3. Nc3 c5 4. cxd5 cxd4 5. Qa4+ Bd7 6. Qxd4 exd5 7. Qxd5 Nf6 8.
Qd1 Bc5 9. Nf3 O-O 10. e3 Qe7 11. Be2 Nc6 12. O-O Rfd8 13. a3 Rac8 14. Qc2 Bd6
15. Bd2 Ne5 16. Nd4 Nc6 17. Nf3 Ne5 18. Nd4 Nc6 19. Nf3 1/2-1/2